Christopher Fry
Uloženo v:
| Hlavní autor: | |
|---|---|
| Médium: | Kniha |
| Jazyk: | angličtina |
| Vydáno: |
Londres
Longmans, Green
1954
|
| Edice: | Bibliographical Series of Supplement to British Book News, 54
|
| Témata: | |
| Tagy: |
Přidat tag
Žádné tagy, Buďte první, kdo vytvoří štítek k tomuto záznamu!
|
MARC
| LEADER | 00000nam a2200000 a 4500 | ||
|---|---|---|---|
| 001 | UCZ4917 | ||
| 003 | CL-VaPUC | ||
| 008 | 951115e19540000UK |||||||||||||||||eng|d | ||
| 082 | 0 | 4 | |a 821.09 |b STA |2 21 |
| 100 | 0 | |a Stanford, Derek |e author |9 348881 | |
| 245 | 1 | 0 | |a Christopher Fry |
| 300 | |a 39 p | ||
| 942 | |c BK | ||
| 945 | |d 19951115 00:00:00 |a rleighto | ||
| 260 | |a Londres |b Longmans, Green |c 1954 | ||
| 600 | 0 | 7 | |a FRY, CHRISTOPHER |2 CL-VaPUC |9 348882 |
| 650 | 0 | |a Poesía inglesa |9 264944 | |
| 650 | 0 | |a Crítica e interpretación |9 255042 | |
| 583 | |a last modification |c 19951115 00:00:00 |k Rodrigo Vera | ||
| 490 | 0 | |a Bibliographical Series of Supplement to British Book News, 54 | |
| 999 | |c 241260 |d 241258 | ||
| 952 | |0 0 |1 0 |4 0 |6 821_090000000000000_STA_1954 |7 0 |8 A |9 253547 |a BIBEDU |b BIBEDU |d 2019-11-19 |i 3149013 |o 821.09 STA 1954 |p 3149013 |r 2019-11-19 |w 2019-11-19 |y BK |k LIT | ||